[Event "Baden-ch U16"]
[Site "Karlsruhe"]
[Date "2008.01.05"]
[Round "6"]
[White "Qadirie, Leon"]
[Black "Tiemann, Christoph"]
[Result "0-1"]
[WhiteElo "1603"]
[BlackElo "2065"]
[PlyCount "46"]
[EventDate "2008.01.02"]
[EventType "swiss"]
[EventRounds "7"]
[EventCountry "GER"]
[SourceTitle "EXT 2009"]
[Source "ChessBase"]
[SourceDate "2008.11.26"]
[SourceVersion "1"]
[SourceVersionDate "2008.11.26"]
[SourceQuality "1"]

1. d4 Nf6 2. c4 e6 3. Nf3 c5 4. d5 b5 5. cxb5 exd5 6. Bg5 Bb7 7. g3 Be7 8. Bg2 0-0 9. 0-0 a6 10. bxa6 Nxa6 11. Nbd2 h6 12. Bf4 Nh5 13. Be5 d6 14. Bc3 d4 15. Nxd4 Bxg2 16. Ne6 fxe6 17. Kxg2 Nf6 18. a4 d5 19. Nb3 d4 20. Ba5 Qd5+ 21. Kg1 Rfb8 22. Ra3 c4 23. Qxd4 cxb3 0-1

[Event "Baden-ch U16"]
[Site "Karlsruhe"]
[Date "2008.01.03"]
[Round "2"]
[White "Kappe, Benedikt"]
[Black "Qadirie, Leon"]
[Result "0-1"]
[WhiteElo "2013"]
[BlackElo "1603"]
[PlyCount "96"]
[EventDate "2008.01.02"]
[EventType "swiss"]
[EventRounds "7"]
[EventCountry "GER"]
[SourceTitle "EXT 2009"]
[Source "ChessBase"]
[SourceDate "2008.11.26"]
[SourceVersion "1"]
[SourceVersionDate "2008.11.26"]
[SourceQuality "1"]

1. e4 c5 2. c3 Nf6 3. e5 Nd5 4. d4 cxd4 5. cxd4 Nc6 6. Nc3 Nxc3 7. bxc3 d6 8. exd6 Qxd6 9. f4 Be6 10. Nf3 g6 11. Bd3 Bg7 12. Be3 0-0 13. 0-0 Rac8 14. Ng5 Na5 15. f5 Bc4 16. Rf3 Bxd3 17. Qxd3 Nc4 18. Rh3 Nxe3 19. Qxe3 Rxc3 20. Qxc3 Bxd4+ 21. Kh1 Bxc3 22. Rxc3 Qf6 23. Ne4 Qd4 24. Re1 gxf5 25. Rg3+ Kh8 26. Ng5 h6 27. Nf3 Qf6 28. Rd1 Rg8 29. Rd7 Rxg3 30. hxg3 e5 31. Rxb7 e4 32. Ng1 f4 33. gxf4 Qxf4 34. Rxa7 e3 35. Ra8+ Kg7 36. Re8 f5 37. Nf3 h5 38. Kg1 h4 39. Kf1 h3 40. Ke2 h2 41. Re7+ Kg6 42. Nxh2 Qxh2 43. Kxe3 Qg3+ 44. Ke2 Qxg2+ 45. Ke1 Qg1+ 46. Ke2 Qh2+ 47. Kf3 Qh5+ 48. Kg2 Qg5+ 0-1